000
00262nam a2200109Ia 4500
008
200302s9999 xx 000 0 und d
100
_a
Ignaside Sola –Morals
245
_a
Alfredo arribas works
260
_b
Birkhausr Berlin
260
_c
2000
300
_a
206 P.,
999
_c
2925
_d
2925